एक अन्तहीन युद्ध : (Record no. 115841)

MARC details
000 -LEADER
fixed length control field 01112nam a22002537a 4500
005 - DATE AND TIME OF LATEST TRANSACTION
control field 20170124103030.0
010 ## - LIBRARY OF CONGRESS CONTROL NUMBER
LC control number 968768
020 ## - INTERNATIONAL STANDARD BOOK NUMBER
Terms of availability 30.00
035 ## - SYSTEM CONTROL NUMBER
System control number 968768
037 ## - SOURCE OF ACQUISITION
Source of stock number/acquisition Cen Lib/Ret
040 ## - CATALOGING SOURCE
Original cataloging agency DPL
Language of cataloging HN
082 ## - DEWEY DECIMAL CLASSIFICATION NUMBER
Classification number
Item number भटना
100 ## - MAIN ENTRY--PERSONAL NAME
Personal name भटनागर, राजेन्द्र मोहन
9 (RLIN) 51681
245 ## - TITLE STATEMENT
Title एक अन्तहीन युद्ध :
Statement of responsibility, etc राजेन्द्र मोहन भटनागर
Remainder of title सारगर्भित बेजोड़ ऐतिहासिक उपन्यास /
246 ## - VARYING FORM OF TITLE
Title proper/short title Ek antheen youddh : saargarbhit bejod aitihasik upanyas /
Remainder of title by Rajendra Mohan Bhatnagar
260 ## - PUBLICATION, DISTRIBUTION, ETC. (IMPRINT)
Place of publication, distribution, etc दिल्ली
Name of publisher, distributor, etc किताबघर
Date of publication, distribution, etc 1979
270 ## - ADDRESS
City दिल्ली
Address मेन बाज़ार, गाँधी नगर
Postal code 110032
300 ## - PHYSICAL DESCRIPTION
Extent 200पृ.
Dimensions 21सेमी(सजिल्द)
650 ## - SUBJECT ADDED ENTRY--TOPICAL TERM
Topical term or geographic name as entry element हिन्दी साहित्य
9 (RLIN) 63502
650 ## - SUBJECT ADDED ENTRY--TOPICAL TERM
Topical term or geographic name as entry element उपन्यास
9 (RLIN) 63503
650 ## - SUBJECT ADDED ENTRY--TOPICAL TERM
Topical term or geographic name as entry element Hindi literature
9 (RLIN) 63504
650 ## - SUBJECT ADDED ENTRY--TOPICAL TERM
Topical term or geographic name as entry element Fiction
9 (RLIN) 8901
942 ## - ADDED ENTRY ELEMENTS (KOHA)
Source of classification or shelving scheme Dewey Decimal Classification
Koha item type Hindi Books
Classification part
Call number suffix भटना
Holdings
Withdrawn status Lost status Damaged status Not for loan Home library Current library Date acquired Source of acquisition Cost, normal purchase price Total Checkouts Total Renewals Full call number Barcode Date last seen Date checked out Copy number Cost, replacement price Price effective from Koha item type Source of classification or shelving scheme Public note
        Central Library Central Library 21/08/2015 Cen Lib/Ret 30.00 1 2 उ भटना 968768 17/01/2020 14/12/2019 1 30.00 21/08/2015 Hindi Books    
Written off       Central Library Central Library 24/10/2016 Cen Lib/Ret       उ भटना 968766 24/10/2016   2   24/10/2016 Hindi Books Dewey Decimal Classification Written off on approval by DLB (By Circulation); dtd 15-06-2023

© Delhi Public Library
Hit Counter
free hit counter